Kraje Europy w 1444 roku - Statystyki

Ogólne statystyki
  • Ten quiz został rozwiązany 886 razy
  • Średni wynik to 24 z 78
Odpowiedzi na mapie
Odpowiedzi zakodowano w zielono-czerwonej skali na mapie do tego quizu, zgodnie z poniższymi procentami.
 
Statystyki odpowiedzi
Kraj % Poprawnych
Polska
95%
Szwecja
88%
Litwa
86%
Norwegia
86%
Dania
82%
Anglia
81%
Francja
80%
Portugalia
78%
Szkocja
78%
Węgry
73%
Bośnia
60%
Moskwa
60%
Mazowsze
59%
Mołdawia
58%
Serbia
58%
Andorra
55%
Imperium Osmańskie
55%
San Marino
55%
Albania
54%
Święte Cesarstwo Rzymskie
54%
Cypr
51%
Wenecja
50%
Krym
48%
Państwo Kościelne
48%
Bizancjum
47%
Aragon
45%
Kastylia
43%
Nowogród
43%
Ryga
43%
Neapol
42%
Bretania
38%
Ateny
35%
Wołoszczyzna
34%
Burgundia
27%
Psków
25%
Genua
22%
Perm
22%
Kazań
19%
Nawarra
19%
Państwo Krzyżackie
18%
Prowansja
18%
Wielka Orda
17%
Granada
16%
Riazań
12%
Teodoro
12%
Twer
12%
Jarosław
11%
Ulster
10%
Zakon Kawalerów
10%
Zakon Liwoński
10%
Czerkiesja
9%
Munster
9%
Ragusa
8%
Fryzja Wschodnia
7%
Orda Nogajska
7%
Rostów
7%
Szlezwik-Holsztyn
7%
Urbino
7%
Nevers
5%
Desmond
4%
Leinster
4%
Naksos
4%
Odojew
4%
Kildare
3%
Korfu
3%
Ormond
3%
Sligo
3%
Thomond
3%
Tyrone
3%
Avaria
2%
Biełoziersk
2%
Flamandia
2%
Gazikumukh
2%
Offaly
2%
Szyrwan
2%
Tyrconnell
2%
Clanricarde
1%
Królestwo Mann i Wysp
1%
Nie znaleziono quizów pasujących do podanych kryteriów
Rozkład punktacji
Procent ludzi z każdym wynikiem
Percentyl według liczby udzielonych odpowiedzi
Twoja historia wyników
Nie rozwiązałeś tego quizu